The murder of Mr. Wickham / Claudia Gray.
Available copies
- 1 of 1 copy available at LARL/NWRL Consortium.
- 1 of 1 copy available at Lake Agassiz Regional Library. (Show preferred library)
Current holds
0 current holds with 1 total copy.
Show Only Available Copies
| Location | Call Number / Copy Notes | Barcode | Shelving Location | Status | Due Date |
|---|---|---|---|---|---|
| Fosston Public Library | M GRA (Text) | 33500013601927 | Main | Available | - |
Record details
- ISBN: 9780593313817
- ISBN: 059331381X
- Physical Description: xii, 386 pages ; 21 cm
- Publisher: New York : Vintage Books, 2022.
Content descriptions
| General Note: | Includes a reading group guide (pages 385-386). |
| Summary, etc.: | "After many years of happy marriage, Emma ... Read More |
Search for related items by subject
| Subject: | Austen, Jane, 1775-1817 > Adaptations > Fiction. Parties > Fiction. Murder > Investigation > Fiction. England > Social life and customs > 19th century > Fiction. Homicide > Fiction. England > Social life and customs > Fiction. |
| Genre: | Detective and mystery fiction. Mystery fiction. Detective and mystery fiction. |
Search for related items by series
| LDR | 03215cam a22004818i 4500 | ||
|---|---|---|---|
| 001 | 388916 | ||
| 003 | LARL_NWRL_CONSORTIUM | ||
| 005 | 20230526153702.0 | ||
| 008 | 210818s2022 nyu e 000 1 eng | ||
| 010 | . | ‡a 2021038035 | |
| 040 | . | ‡aDLC ‡beng ‡erda ‡cDLC ‡dOCLCO ‡dOCLCF ‡dBDX ‡dYDX ‡dMJ8 ‡dOCLCO ‡dHSA ‡dGL4 ‡dBKL ‡dTXSCH ‡dTJT | |
| 020 | . | ‡a9780593313817 ‡q(trade paperback) | |
| 020 | . | ‡a059331381X ‡q(trade paperback) | |
| 020 | . | ‡z9780593313824 ‡q(ebook) | |
| 035 | . | ‡a(OCoLC)1264726652 | |
| 042 | . | ‡apcc | |
| 082 | 0 | 0. | ‡a813/.6 ‡223 |
| 100 | 1 | . | ‡aGray, Claudia, ‡eauthor. ‡0(LARL_NWRL_CONSORTIUM)198181 |
| 245 | 1 | 4. | ‡aThe murder of Mr. Wickham / ‡cClaudia Gray. |
| 264 | 1. | ‡aNew York : ‡bVintage Books, ‡c2022. | |
| 300 | . | ‡axii, 386 pages ; ‡c21 cm | |
| 336 | . | ‡atext ‡btxt ‡2rdacontent | |
| 337 | . | ‡aunmediated ‡bn ‡2rdamedia | |
| 338 | . | ‡avolume ‡bnc ‡2rdacarrier | |
| 490 | 0 | . | ‡aMr. Darcy & Miss Tilney ; ‡v1 |
| 500 | . | ‡aIncludes a reading group guide (pages 385-386). | |
| 520 | . | ‡a"After many years of happy marriage, Emma Knightley and her husband are throwing a house party, bringing together distant relatives and new acquaintances-not all of whom are well known to the Knightleys but are certainly beloved by every Jane Austen fan: Elizabeth and Fitzwilliam Darcy, Marianne and Colonel Brandon, Anne and Captain Wentworth, and Fanny and Edmund Bertram. Very much not invited is Mr. Wickham, whose latest financial scheme has netted him newfound wealth-and a broadening array of enemies. With his unexpected arrival, tempers flare and secrets are revealed, making it clear that everyone would be happier if Mr. Wickham got his comeuppance. Yet the Knightleys and their guests are all shocked when Wickham turns up murdered-except, of course, for the killer hidden in their midst. With everyone a suspect, it falls to the house party's two youngest guests to solve the mystery of who finally delivered to Wickham his just deserts: Juliet Tilney, the smart and resourceful daughter of Catherine and Henry Tilney, eager for adventure outside Northanger Abbey; and Jonathan Darcy, Elizabeth and Darcy's eldest son, whose adherence to propriety makes his father seem relaxed. In a tantalizing fusion of Austen and Christie, the unlikely pair must put aside their own poor first impressions-and uncover the guilty party before an innocent person is sentenced to hang"-- ‡cProvided by publisher. | |
| 600 | 1 | 0. | ‡aAusten, Jane, ‡d1775-1817 ‡vAdaptations ‡vFiction. |
| 650 | 0. | ‡aParties ‡vFiction. ‡0(LARL_NWRL_CONSORTIUM)166817 | |
| 650 | 0. | ‡aMurder ‡xInvestigation ‡vFiction. ‡0(LARL_NWRL_CONSORTIUM)166203 | |
| 651 | 0. | ‡aEngland ‡xSocial life and customs ‡y19th century ‡vFiction. ‡0(LARL_NWRL_CONSORTIUM)168418 | |
| 650 | 7. | ‡aHomicide ‡vFiction. ‡2sears | |
| 651 | 7. | ‡aEngland ‡xSocial life and customs ‡vFiction. ‡2sears ‡0(LARL_NWRL_CONSORTIUM)168420 | |
| 655 | 7. | ‡aDetective and mystery fiction. ‡2fast | |
| 655 | 7. | ‡aMystery fiction. ‡2gsafd | |
| 655 | 7. | ‡aDetective and mystery fiction. ‡2lcgft | |
| 776 | 0 | 8. | ‡iOnline version: ‡aGray, Claudia. ‡tMurder of Mr. Wickham ‡dNew York : Vintage Books, 2022 ‡z9780593313824 ‡w(DLC) 2021038036 |
| 901 | . | ‡a388916 ‡bOCoLC ‡c388916 ‡tbiblio ‡soclc | |

Add to basket
Permalink
Disable Highlighting